Constitution of the Republic of Uganda / (Record no. 194)
[ view plain ]
| 000 -LEADER | |
|---|---|
| fixed length control field | 00534cam a2200181 a 4500 |
| 003 - CONTROL NUMBER IDENTIFIER | |
| control field | OSt |
| 005 - DATE AND TIME OF LATEST TRANSACTION | |
| control field | 20171028111812.0 |
| 008 - FIXED-LENGTH DATA ELEMENTS--GENERAL INFORMATION | |
| fixed length control field | 960524s1995 ug f000 0 eng |
| 010 ## - LIBRARY OF CONGRESS CONTROL NUMBER | |
| LC control number | 95982790 |
| 040 ## - CATALOGING SOURCE | |
| Original cataloging agency | DLC |
| Transcribing agency | DLC |
| Modifying agency | DLC |
| 082 00 - DEWEY DECIMAL CLASSIFICATION NUMBER | |
| Classification number | 346.23096761 |
| Edition number | 20 |
| Item number | CON |
| 110 1# - MAIN ENTRY--CORPORATE NAME | |
| Corporate name or jurisdiction name as entry element | Uganda. |
| 9 (RLIN) | 554 |
| 245 10 - TITLE STATEMENT | |
| Title | Constitution of the Republic of Uganda / |
| Statement of responsibility, etc | Republic of Uganda. |
| 260 ## - PUBLICATION, DISTRIBUTION, ETC. (IMPRINT) | |
| Place of publication, distribution, etc | Entebbe [Uganda] : |
| Name of publisher, distributor, etc | Uganda Print. and Pub. Corp., |
| Date of publication, distribution, etc | 1967. |
| 300 ## - PHYSICAL DESCRIPTION | |
| Extent | xviii, 196 p. ; |
| Dimensions | 21 cm. |
| 650 #0 - SUBJECT ADDED ENTRY--TOPICAL TERM | |
| Topical term or geographic name as entry element | Constitutions |
| Geographic subdivision | Uganda. |
| 9 (RLIN) | 573 |
| 942 ## - ADDED ENTRY ELEMENTS (KOHA) | |
| Source of classification or shelving scheme | Dewey Decimal Classification |
| Koha item type | Books |
| Withdrawn status | Lost status | Source of classification or shelving scheme | Damaged status | Not for loan | Home library | Current library | Shelving location | Date acquired | Total Checkouts | Full call number | Barcode | Date last seen | Price effective from | Koha item type |
|---|---|---|---|---|---|---|---|---|---|---|---|---|---|---|
| Dewey Decimal Classification | Law Development Centre Main Library | Law Development Centre Main Library | Text Books and Laws | 04/09/2011 | 342.023096761 CON | 2011/2691 | 04/09/2011 | 04/09/2011 | Books | |||||
| Law Development Centre Main Library | Law Development Centre Main Library | Text Books and Laws | 10/28/2017 | 342.023096761 CON | 012/2000 | 10/28/2017 | 10/28/2017 | Books | ||||||
| Law Development Centre Main Library | Law Development Centre Main Library | Text Books and Laws | 10/28/2017 | 346.23096761 CON | 2011/2010 | 10/28/2017 | 10/28/2017 | Books |
